La vida i la mort d'en Jordi Fraginals / (Registro nro. 122321)

Detalles MARC
000 -LEADER
campo de control de longitud fija 00688nam a2200217 4500
001 - NÚMERO DE CONTROL
campo de control 122321
003 - IDENTIFICADOR DE NÚMERO DE CONTROL
campo de control ES-MaACL
005 - FECHA Y HORA DE LA ÚLTIMA TRANSACCIÓN
campo de control 20251018063104.0
007 - CAMPO FIJO DE DESCRIPCIÓN FÍSICA--INFORMACIÓN GENERAL
campo de control de longitud fija t|
008 - DATOS DE LONGITUD FIJA--INFORMACIÓN GENERAL
campo de control de longitud fija 070214s1938 sp r ||||1| cat d
100 1# - ENTRADA PRINCIPAL--NOMBRE DE PERSONA
Nombre de persona Pous i Pagès, Josep,
Fechas asociadas al nombre 1873-1952
9 (RLIN) 93468
245 13 - MENCIÓN DEL TÍTULO
Título La vida i la mort d'en Jordi Fraginals /
Mención de responsabilidad, etc. per José Pous y Pagés.
250 ## - MENCION DE EDICION
Mención de edición 3ª. ed.
260 ## - PUBLICACIÓN, DISTRIBUCIÓN, ETC.
Lugar de publicación, distribución, etc. Barcelona :
Nombre del editor, distribuidor, etc. Institució de Les Lletres Catalanes,
Fecha de publicación, distribución, etc. 1938.
300 ## - DESCRIPCIÓN FÍSICA
Extensión 308 p. ;
Dimensiones 19 cm.
490 1# - MENCIÓN DE SERIE
Mención de serie Autors catalans
710 2# - ENTRADA AGREGADA--NOMBRE DE ENTIDAD CORPORATIVA
Nombre de entidad corporativa o nombre de jurisdicción como elemento de entrada Institució de Les Lletres Catalanes.
9 (RLIN) 4706
830 0# - PUNTO DE ACCESO ADICIONAL DE SERIE-TÍTULO UNIFORME
Título uniforme Autors catalans
9 (RLIN) 218838
852 ## - LOCALIZACIÓN
Ubicación ES-MaACL
Número de control de estantería C-19863
Sublocalización o colección R.47308
Existencias
Estatus retirado Estado de pérdida Estado de daño No para préstamo Biblioteca de origen Biblioteca actual Ubicación en estantería Fecha de adquisición Fuente de adquisición Total de préstamos Signatura topográfica completa Código de barras Visto por última vez Precio de reemplazo Tipo de ítem Koha
        Biblioteca del Ateneo de Madrid Biblioteca del Ateneo de Madrid Galería 17/01/2008     C-19863 1127465 23/02/2023 23/02/2023 Libro impreso